Ensayo de una biblioteca española de libros raros y curiosos / (Record no. 67808)

MARC details
000 -LEADER
campo de control de longitud fija 01039nam a2200241 i 4500
001 - NÚMERO DE CONTROL
campo de control 67808
003 - IDENTIFICADOR DE NÚMERO DE CONTROL
campo de control ES-MaACL
005 - FECHA Y HORA DE LA ÚLTIMA TRANSACCIÓN
campo de control 20250927063035.0
007 - CAMPO FIJO DE DESCRIPCIÓN FÍSICA--INFORMACIÓN GENERAL
campo de control de longitud fija t|
008 - DATOS DE LONGITUD FIJA--INFORMACIÓN GENERAL
campo de control de longitud fija 040205s1968 sp ||||1| spa d
100 1# - ENTRADA PRINCIPAL--NOMBRE DE PERSONA
Nombre de persona Gallardo, Bartolomé José,
Fechas asociadas al nombre 1776-1852
9 (RLIN) 53478
245 10 - MENCIÓN DEL TÍTULO
Título Ensayo de una biblioteca española de libros raros y curiosos /
Mención de responsabilidad, etc. formado con los apuntamientos de don Bartolomé José Gallardo coordinados y aumentados por D. M.R. Zarco del Valle y D. J. Sancho Rayón.
260 ## - PUBLICACIÓN, DISTRIBUCIÓN, ETC.
Lugar de publicación, distribución, etc. Madrid :
Nombre del editor, distribuidor, etc. Gredos,
Fecha de publicación, distribución, etc. [1968]
300 ## - DESCRIPCIÓN FÍSICA
Extensión 4 v. ;
Dimensiones 27 cm.
490 1# - MENCIÓN DE SERIE
Mención de serie Biblioteca románica hispánica. IX, Facsímiles
500 ## - NOTA GENERAL
Nota general Reproducción facsimil de la edición de: Madrid, Imp. de M. Rivadeneyra, 1863.
650 04 - PUNTO DE ACCESO ADICIONAL DE MATERIA--TÉRMINO DE MATERIA
Término de materia o nombre geográfico como elemento de entrada Libros raros-
Subdivisión geográfica España-
Subdivisión de forma Bibliografías.
9 (RLIN) 14453
700 1# - ENTRADA AGREGADA--NOMBRE PERSONAL
Nombre de persona Zarco del Valle, Manuel Remón.
9 (RLIN) 118065
700 0# - ENTRADA AGREGADA--NOMBRE PERSONAL
Nombre de persona Sancho Rayón, José.
9 (RLIN) 103049
830 0# - PUNTO DE ACCESO ADICIONAL DE SERIE-TÍTULO UNIFORME
Título uniforme Biblioteca románica hispánica. IX, Facsímiles
9 (RLIN) 229052
852 ## - LOCALIZACIÓN
Ubicación ES-MaACL
Número de control de estantería E-9849-52
Sublocalización o colección R.66355
Holdings
Estatus retirado Estado de pérdida Estado de daño No para préstamo Biblioteca de origen Biblioteca actual Ubicación en estantería Fecha de adquisición Fuente de adquisición Total de préstamos Signatura topográfica completa Código de barras Visto por última vez Precio de reemplazo Tipo de ítem Koha
        Biblioteca del Ateneo de Madrid Biblioteca del Ateneo de Madrid Depósito 2 17/01/2008     E-9849-52 1070991 23/02/2023 23/02/2023 Libro impreso